Histoire de Louvois et de son administration politique et militaire / (Record no. 164029)
[ view plain ]
| 000 -LEADER | |
|---|---|
| campo de control de longitud fija | 00835nam a22002055i 4500 |
| 001 - NÚMERO DE CONTROL | |
| campo de control | 164029 |
| 003 - IDENTIFICADOR DE NÚMERO DE CONTROL | |
| campo de control | ES-MaACL |
| 005 - FECHA Y HORA DE LA ÚLTIMA TRANSACCIÓN | |
| campo de control | 20250927114214.0 |
| 008 - DATOS DE LONGITUD FIJA--INFORMACIÓN GENERAL | |
| campo de control de longitud fija | 050818m18861891fr | |||||||| ||fre d |
| 040 ## - FUENTE DE CATALOGACIÓN | |
| Centro catalogador/agencia de origen | CAM |
| Lengua de catalogación | spa |
| Centro/agencia transcriptor | CAM |
| 100 1# - ENTRADA PRINCIPAL--NOMBRE DE PERSONA | |
| Nombre de persona | Rousset, Camille. |
| 9 (RLIN) | 132113 |
| 245 10 - MENCIÓN DEL TÍTULO | |
| Título | Histoire de Louvois et de son administration politique et militaire / |
| Mención de responsabilidad, etc. | par Camille Rousset. |
| 250 ## - MENCION DE EDICION | |
| Mención de edición | 7e. éd. |
| 260 ## - PUBLICACIÓN, DISTRIBUCIÓN, ETC. | |
| Lugar de publicación, distribución, etc. | Paris : |
| Nombre del editor, distribuidor, etc. | Librairie Académique Didier : |
| -- | Perrin et Cie., |
| Fecha de publicación, distribución, etc. | 1886 ( |
| Fabricante | Typ. Pillet et Dumoulin) |
| 300 ## - DESCRIPCIÓN FÍSICA | |
| Extensión | 4 v. ; |
| Dimensiones | 19 cm. |
| 597 ## - NOTA DE DESCRIPCIÓN FÍSICA | |
| NOTA DE DESCRIPCIÓN FÍSICA | T.I: 1886 (XI, 546 p.) -- T.II: 1886 (589 p.) -- T.III: 1891 (553 p.) --T.IV: 1891 (576 p.) |
| 600 17 - PUNTO DE ACCESO ADICIONAL DE MATERIA--NOMBRE DE PERSONA | |
| Nombre de persona | Louvois, François Michel Le Tellier, |
| Títulos y otros términos asociados al nombre | Marquis de, |
| Fechas asociadas al nombre | 1641-1691- |
| Subdivisión de forma | Biografías |
| Fuente del encabezamiento o término | |
| 9 (RLIN) | 129099 |
| 852 ## - LOCALIZACIÓN | |
| Ubicación | ES-MaACL |
| Número de control de estantería | D-5120-5123 |
| Nota libre | -- Rúst. deteriorada |
| Estatus retirado | Estado de pérdida | Estado de daño | No para préstamo | Colección | Biblioteca de origen | Biblioteca actual | Ubicación en estantería | Fecha de adquisición | Fuente de adquisición | Total de préstamos | Signatura topográfica completa | Código de barras | Visto por última vez | Precio de reemplazo | Tipo de ítem Koha |
|---|---|---|---|---|---|---|---|---|---|---|---|---|---|---|---|
| Libros del s. XIX | Biblioteca del Ateneo de Madrid | Biblioteca del Ateneo de Madrid | Sala Valle Inclán | 17/01/2008 | D-5120-5123 | 901171912 | 23/02/2023 | 23/02/2023 | Libro impreso antiguo |
